[Event "IMMORTALITY BECKONS"]
[Site "SchemingMind.com"]
[Date "2019.09.12"]
[Round "-"]
[White "Aleksandr Frenkel"]
[Black "kenneth m day"]
[Result "1-0"]
[WhiteCountry "USA"]
[BlackCountry "USA"]
[WhiteElo "2243"]
[WhiteRD "75"]
[BlackElo "1692"]
[BlackRD "51"]
[GameID "445796"]

1. e4 e5 2. Nf3 Nc6 3. Bc4 Bc5 4. c3 a6 5. d4 exd4 6. cxd4 Bb4+ 7. Nc3 d6 8. O-O Nf6 9. Nd5 O-O 10. Bg5 Ba5
11. e5 h6 12. Nxf6+ gxf6 13. Bxf6 Qd7 14. Qc1 Kh7 15. Bd3+
1-0

[Event "IMMORTALITY BECKONS"]
[Site "SchemingMind.com"]
[Date "2019.09.13"]
[Round "-"]
[White "Helga1946"]
[Black "Aleksandr Frenkel"]
[Result "1/2-1/2"]
[WhiteCountry "GER"]
[BlackCountry "USA"]
[WhiteElo "2235"]
[WhiteRD "64"]
[BlackElo "2243"]
[BlackRD "75"]
[GameID "445797"]

1. d4 Nf6 2. c4 c5 3. dxc5 e6 4. e3 Bxc5 5. a3 O-O 6. Qc2 d5 7. cxd5 Qxd5 8. Nc3 Qd8 9. b4 Be7 10. Bb2 a5
11. b5 b6 12. Be2 Ra7 13. Bf3 Nbd7 14. Nge2 Ne5 15. Nd4 Bd7 16. O-O Nxf3+ 17. Nxf3 Qa8 18. Rfd1 a4 19. Rd4 Rc8 20. Qd1 Be8
21. Rxa4 Rxa4 22. Qxa4 Qxa4 23. Nxa4 Nd5 24. Bd4 Bxb5 25. Nxb6 Nxb6 26. Bxb6 Bxa3 27. Ba5=
1/2-1/2

[Event "IMMORTALITY BECKONS"]
[Site "SchemingMind.com"]
[Date "2019.09.12"]
[Round "-"]
[White "Steven DuCharme"]
[Black "Aleksandr Frenkel"]
[Result "0-1"]
[WhiteCountry "USA"]
[BlackCountry "USA"]
[WhiteElo "1538"]
[WhiteRD "53"]
[BlackElo "2216"]
[BlackRD "74"]
[GameID "445798"]

1. g3 d5 2. Bg2 e5 3. d3 Nf6 4. Nf3 Nc6 5. O-O Be7 6. b3 O-O 7. Bb2 e4 8. dxe4 Nxe4 9. Nbd2 Bf6 10. Bxf6 Nxf6
11. c4 Re8 12. Re1 Qe7 13. cxd5 Nxd5 14. Rc1 Bg4 15. h3 Be6 16. e4 Ndb4 17. Ra1 Red8 18. Qb1 Rd7 19. Re3 Rad8 20. a3 Nd3
21. Ra2 a5 22. Nc4 a4
0-1

[Event "IMMORTALITY BECKONS"]
[Site "SchemingMind.com"]
[Date "2019.09.12"]
[Round "-"]
[White "John Hamer"]
[Black "Aleksandr Frenkel"]
[Result "0-1"]
[WhiteCountry "ENG"]
[BlackCountry "USA"]
[WhiteElo "1938"]
[WhiteRD "67"]
[BlackElo "2216"]
[BlackRD "74"]
[GameID "445799"]

1. d4 Nf6 2. c4 c5 3. Nf3 cxd4 4. Nxd4 e5 5. Nb5 d5 6. cxd5 Bc5 7. e3 O-O 8. Be2 e4 9. O-O Bf5 10. N1c3 a6
11. Nd4 Bg6 12. Bd2 Nbd7 13. Rc1 Ba7 14. h4 h6 15. Qb3 Nc5 16. Qa3 Nd3 17. Bxd3 exd3 18. d6 Re8 19. Qb4 Qd7 20. Qa3 Re5
21. Nf3 Rf5 22. Nd4 Rh5 23. Qb3 Rxh4 24. Nf3 Rh5 25. Qa3 Bc5 26. Qa4 b5 27. Qd1 Bxd6 28. Qb3 Qg4 29. Qd1 b4 30. Nb1 Be4
0-1

[Event "IMMORTALITY BECKONS"]
[Site "SchemingMind.com"]
[Date "2019.09.17"]
[Round "-"]
[White "The Stonewall"]
[Black "Greg Magne"]
[Result "1-0"]
[WhiteCountry "ENG"]
[BlackCountry "CAN"]
[WhiteElo "2356"]
[WhiteRD "77"]
[BlackElo "1756"]
[BlackRD "85"]
[GameID "445807"]

1. d4 d5 2. Nf3 Nf6 3. e3 e6 4. Bd3 c5 5. O-O Nc6 6. c3 cxd4 7. exd4 Bd6 8. Bg5 h6 9. Bh4 O-O 10. Re1 Qc7
11. Nbd2 Ng4 12. h3 Nf6 13. Bxf6 gxf6 14. Nh4 f5 15. Qh5 Kg7 16. g4 fxg4 17. Kh1 Bf4 18. Qxg4+ Bg5 19. Rg1 Rg8 20. f4 f5
21. Qf3 Kf6 22. fxg5+ hxg5 23. Qe3 Qh7 24. Ndf3 gxh4 25. Rxg8 Qxg8 26. Qh6+ Kf7 27. Rg1 Qf8 28. Qh7+ Kf6 29. Rg6#
1-0

[Event "IMMORTALITY BECKONS"]
[Site "SchemingMind.com"]
[Date "2019.09.14"]
[Round "-"]
[White "Geoffrey Rosser"]
[Black "The Stonewall"]
[Result "0-1"]
[WhiteCountry "ENG"]
[BlackCountry "ENG"]
[WhiteElo "1883"]
[WhiteRD "68"]
[BlackElo "2389"]
[BlackRD "77"]
[GameID "445808"]

1. e4 c5 2. c3 e6 3. d4 d5 4. exd5 Qxd5 5. Nf3 Nf6 6. Bb5+ Bd7 7. Be2 Nc6 8. O-O cxd4 9. cxd4 Qa5 10. Nc3 Be7
11. Bd2 O-O 12. Nb5 Qb6 13. Bf4 Nd5 14. Bg3 Rfd8 15. Rb1 a6 16. Nd6 Bxd6 17. Bxd6 Nxd4 18. Bg3 Nxe2+ 19. Qxe2 Bb5 20. Qe4 Bxf1
21. Rxf1 Qxb2 22. Be5 Qb4 23. Bd4 Nc3 24. Qe5 Rxd4 25. Nxd4 Qxd4
0-1

[Event "IMMORTALITY BECKONS"]
[Site "SchemingMind.com"]
[Date "2019.09.17"]
[Round "-"]
[White "The Stonewall"]
[Black "cnile"]
[Result "1-0"]
[WhiteCountry "ENG"]
[BlackCountry "SCO"]
[WhiteElo "2356"]
[WhiteRD "77"]
[BlackElo "1455"]
[BlackRD "59"]
[GameID "445809"]

1. e4 e5 2. Nc3 Nf6 3. Bc4 Nc6 4. d3 h6 5. f4 exf4 6. Bxf4 Bb4 7. Ne2 O-O 8. O-O d6 9. Nd5 Nxd5 10. Bxd5 Bg4
11. c3 Ba5 12. Qd2 Rb8 13. Bxh6 Bb6+ 14. d4 Bd7 15. Bg5 a5 16. Bxd8
1-0

[Event "IMMORTALITY BECKONS"]
[Site "SchemingMind.com"]
[Date "2019.09.17"]
[Round "-"]
[White "The Stonewall"]
[Black "Steven DuCharme"]
[Result "1-0"]
[WhiteCountry "ENG"]
[BlackCountry "USA"]
[WhiteElo "2389"]
[WhiteRD "77"]
[BlackElo "1538"]
[BlackRD "53"]
[GameID "445810"]

1. e4 c6 2. Nc3 d5 3. Nf3 dxe4 4. Nxe4 h6 5. Bc4 Nf6 6. Qe2 Nxe4 7. Qxe4 e6 8. Ne5 Be7 9. d4 Bf6 10. O-O Bxe5
11. dxe5 O-O 12. Bd3 g6 13. Bxh6 Re8 14. Qg4 Qe7 15. Bxg6 fxg6 16. Qxg6+ Kh8 17. Bg5
1-0

[Event "IMMORTALITY BECKONS"]
[Site "SchemingMind.com"]
[Date "2019.09.17"]
[Round "-"]
[White "The Stonewall"]
[Black "Kenny Elliott"]
[Result "1-0"]
[WhiteCountry "ENG"]
[BlackCountry "USA"]
[WhiteElo "2356"]
[WhiteRD "77"]
[BlackElo "1656"]
[BlackRD "65"]
[GameID "445811"]

1. e4 c5 2. Nc3 d6 3. Nge2 Nc6 4. g3 Nf6 5. Bg2 e5 6. d3 Be7 7. h3 O-O 8. O-O h6 9. f4 Nh5 10. Nd5 Nf6
11. Nec3 Nd4 12. Nxf6+ Bxf6 13. Nd5 Be6 14. Nxf6+ Qxf6 15. fxe5 Qxe5 16. Bf4 Qf6 17. Bxd6 Ne2+ 18. Qxe2 Qd4+ 19. Kh2 Qxd6 20. e5 Qb6
21. b3 Rab8 22. Rf2 Qd8 23. Raf1 b5 24. Rf4 a5 25. a3 b4 26. axb4 axb4 27. Be4 Kh8 28. Rf6 Bxh3 29. Qh5 Bxf1 30. Rxh6+ gxh6
31. Qxh6+ Kg8 32. Qh7#
1-0

[Event "IMMORTALITY BECKONS"]
[Site "SchemingMind.com"]
[Date "2019.09.13"]
[Round "-"]
[White "GBEDARD"]
[Black "The Stonewall"]
[Result "0-1"]
[WhiteCountry "USA"]
[BlackCountry "ENG"]
[WhiteElo "1789"]
[WhiteRD "90"]
[BlackElo "2386"]
[BlackRD "79"]
[GameID "445812"]

1. e4 c5 2. Nf3 e6 3. d4 cxd4 4. Nxd4 Nc6 5. Nc3 Qc7 6. Be3 Nf6 7. f4 Nxd4 8. Bxd4 Qxf4 9. g3 Qb8 10. e5 Ng8
11. Ne4 b6 12. Qe2 Bb7 13. O-O-O Nh6 14. Bc3 Be7 15. Bg2 Qc8 16. h4 O-O 17. g4 Kh8 18. Rhg1 a5 19. Qd3 Nxg4 20. Qg3 h5
21. Bf3 Bxe4 22. Bxe4 Ra7 23. Bf3 f5 24. exf6 Bxf6 25. Bxf6 Rxf6 26. Bxg4 hxg4 27. Qxg4 Qf8 28. Kb1 Rc7 29. Qg3 Rb7 30. Qd3 d5
31. Rg5 Kg8 32. c4 dxc4 33. Qxc4 Rbf7 34. a3 Rf1 35. Rxf1 Rxf1+ 36. Ka2 Qf7 37. Rb5 Rf4 38. Qc8+ Kh7 39. Qc2+ Kh8 40. Rxb6 e5+
41. Qb3 Qxb3+ 42. Kxb3 Rxh4 43. Kc3 Kh7 44. Re6 Rh5 45. b4 axb4+ 46. axb4 Kg8
0-1

[Event "IMMORTALITY BECKONS"]
[Site "SchemingMind.com"]
[Date "2019.09.17"]
[Round "-"]
[White "The Stonewall"]
[Black "John Hamer"]
[Result "1-0"]
[WhiteCountry "ENG"]
[BlackCountry "ENG"]
[WhiteElo "2389"]
[WhiteRD "77"]
[BlackElo "1938"]
[BlackRD "67"]
[GameID "445813"]

1. e4 e5 2. Nc3 c6 3. Bc4 Nf6 4. d4 Bb4 5. dxe5 Nxe4 6. Qd4 d5 7. exd6 O-O 8. Bf4 Bxd6 9. Bxd6 Nxd6 10. O-O-O Qg5+
11. f4 Qxg2 12. Qxd6 Qxh1 13. Qe7 Bd7 14. Qe2 b5 15. Bd3 Bg4 16. Qxg4 Qxh2 17. Nh3 Kh8 18. Qf3 Nd7 19. Rh1
1-0

[Event "IMMORTALITY BECKONS"]
[Site "SchemingMind.com"]
[Date "2019.09.14"]
[Round "-"]
[White "ray winteringham"]
[Black "The Stonewall"]
[Result "0-1"]
[WhiteCountry "ENG"]
[BlackCountry "ENG"]
[WhiteElo "1488"]
[WhiteRD "49"]
[BlackElo "2389"]
[BlackRD "77"]
[GameID "445814"]

1. e4 c5 2. b4 cxb4 3. d4 d5 4. e5 Nc6 5. Bb2 Bf5 6. Bd3 Nh6 7. a3 e6 8. Ne2 Qb6 9. O-O Rc8 10. c3 bxc3
11. Bxc3 Be7 12. Nd2 Bxd3 13. Re1 Bxe2 14. Rxe2 O-O 15. Nb3 Nf5 16. h3 Rc7 17. Rb2 Qa6 18. g4 Nh4 19. Qe1 Nf3+
0-1

[Event "IMMORTALITY BECKONS"]
[Site "SchemingMind.com"]
[Date "2019.09.13"]
[Round "-"]
[White "Aleksandr Frenkel"]
[Black "The Stonewall"]
[Result "1-0"]
[WhiteCountry "USA"]
[BlackCountry "ENG"]
[WhiteElo "2243"]
[WhiteRD "75"]
[BlackElo "2372"]
[BlackRD "74"]
[GameID "445815"]

1. e4 c5 2. Nf3 e6 3. d4 cxd4 4. Nxd4 Nc6 5. Nc3 Qc7 6. Be3 a6 7. Qd2 Nf6 8. O-O-O Bb4 9. f3 Ne5 10. g4 b5
11. g5 Nh5 12. Kb1 Bxc3 13. Qxc3 Qxc3 14. bxc3 O-O 15. Be2 Ng6 16. Nb3 Nhf4 17. Bf1 f5 18. h4 fxe4 19. fxe4 e5 20. c4 Nh5
21. cxb5 axb5 22. Bxb5 Ng3 23. Rhe1 Nxe4 24. Kb2 Nxh4 25. Bc4+ Kh8 26. Bd5 Ra4 27. Nc5 Nxc5 28. Bxc5 Rf5 29. Re3 Ra5 30. Rc3 Rb5+
31. Kc1 Ba6 32. Be6 Rf4 33. Rxd7 Rf1+ 34. Kd2 Rb8 35. Rb3 Re8 36. Rd6 Bc8 37. Rb8 Rff8 38. Rdb6 Rd8+ 39. Ke3 Rf3+ 40. Ke2 Rc3
41. Rxc8 Rxc2+ 42. Ke3 Rxc8 43. Bxc8 h6 44. Rb5 Rxa2 45. Be6 Ra1 46. gxh6 gxh6 47. Be7 Ra6 48. Bc8 Ra4 49. Bf6+ Kh7 50. Bxe5 h5
51. Bd4 Kh6 52. Bd7 Ra2 53. Rb6+ Kh7 54. Rb5 Kh6 55. Rb6+ Kh7 56. Bf6 Ra7 57. Bb5 Ra3+ 58. Bd3+ Ng6 59. Rb8
1-0

[Event "IMMORTALITY BECKONS"]
[Site "SchemingMind.com"]
[Date "2019.09.13"]
[Round "-"]
[White "Phillip Beckett"]
[Black "The Stonewall"]
[Result "0-1"]
[WhiteCountry "ENG"]
[BlackCountry "ENG"]
[WhiteElo "1508"]
[WhiteRD "49"]
[BlackElo "2389"]
[BlackRD "77"]
[GameID "445816"]

1. d4 Nf6 2. c4 e5 3. d5 Bc5 4. Nc3 O-O 5. e4 d6 6. f3 a5 7. h4 Na6 8. Bg5 h6 9. Bd2 Bd7 10. Nh3 Nh5
11. Bd3 Qxh4+ 12. Ke2 Ng3+
0-1

[Event "IMMORTALITY BECKONS"]
[Site "SchemingMind.com"]
[Date "2019.09.16"]
[Round "-"]
[White "kenneth m day"]
[Black "The Stonewall"]
[Result "0-1"]
[WhiteCountry "USA"]
[BlackCountry "ENG"]
[WhiteElo "1692"]
[WhiteRD "51"]
[BlackElo "2356"]
[BlackRD "77"]
[GameID "445817"]

1. e4 d6 2. d4 Nf6 3. Nc3 Nbd7 4. Nf3 e5 5. dxe5 dxe5 6. Bb5 c6 7. Bc4 Bb4 8. Bd2 Bxc3 9. Bxc3 Nxe4 10. Bb4 Qb6
11. Qe2 Qxb4+ 12. c3 Nxc3 13. Qd2 Qxc4 14. Qxc3 Qxc3+ 15. bxc3 f6 16. O-O Nc5 17. Rfd1 Bg4 18. h3 Bxf3 19. gxf3 Ke7 20. Rab1 Rhd8
21. Kf1 Rxd1+
0-1

[Event "IMMORTALITY BECKONS"]
[Site "SchemingMind.com"]
[Date "2019.09.17"]
[Round "-"]
[White "The Stonewall"]
[Black "Helga1946"]
[Result "1-0"]
[WhiteCountry "ENG"]
[BlackCountry "GER"]
[WhiteElo "2372"]
[WhiteRD "74"]
[BlackElo "1916"]
[BlackRD "56"]
[GameID "445818"]

1. e4 e5 2. Nf3 Nf6 3. Nc3 Bb4 4. Nxe5 O-O 5. Nd3 Bxc3 6. dxc3 Nxe4 7. Be2 Re8 8. O-O h6 9. Re1 d6 10. Nb4 Nf6
11. c4 Bd7 12. Nd5 Nxd5 13. cxd5 Qf6 14. Bd2 Bf5 15. Bc3 Qg5 16. Bd2 Qf6 17. Bc3 Qg5 18. Bf3 Nd7 19. g3 Rxe1+ 20. Bxe1 Qf6
21. c3 Re8 22. Bg2 Nc5 23. Bf1 Be4 24. f4 Qf5 25. c4 Bd3 26. Bc3 Bxf1 27. Qxf1 b5 28. Rd1 bxc4 29. Qxc4 Qh5 30. Qd4 f6
31. Re1 Rxe1+ 32. Bxe1 Qf3 33. Ba5
1-0